000 00631nam a2200181Ia 4500
003 GCL
008 140319s9999 xx 000 0 ara d
040 _aGCL /
_cGCL
082 0 4 _a252.29
_bد
100 1 _aدار الغد العربى
245 1 0 _aدلائل الخيرات وشوارق الانوار: فى ذكر الصلاة على النبى المختار صلى الله عليه وسلم /
_cدار الغد العربى
260 _a[S.N] :
_bدار مكتبة الحياة ،
_c1987
300 _a176 ص
490 _a
650 0 4 _aالعبادات
650 0 4 _aالصلاة على النبى
942 _2ddc
_cBK
999 _c53785
_d53785